Statistics for US presidents by silhouette

Click here to take the quiz!

General Stats

  • This quiz has been taken 30 times
  • The average score is 10 of 15

Answer Stats

Answer% Correct
Abraham Lincoln
93%
George Washington
93%
Barack Obama
85%
John F. Kennedy
85%
Theodore Roosevelt
85%
Thomas Jefferson
78%
Donald Trump
67%
William Taft
67%
Dwight D. Eisenhower
63%
James Monroe
56%
Martin van Buren
56%
James A. Garfield
52%
Franklin Pierce
44%
Joe biden
41%
Zachary Taylor
33%

Score Distribution

Percentile by Number Answered

Percent of People with Each Score

Your Score History

You have not taken this quiz